Legend of Zelda trivia - Statistics

General Stats
  • This quiz has been taken 309 times
    306 since last reset
  • The average score is 12 of 18
Answer Stats
Hint Answer % Correct
Holder of the Triforce of Courage Link
99%
Holder of the Triforce of Power Ganondorf/Ganon
98%
Holder of the Triforce of Wisdom Zelda
98%
Game in which Happy Mask Salesman goes full on crazy Majora's Mask
97%
Game in which Midna appears in Twilight Princess
97%
The game after which the timeline splits into three Ocarina of Time
96%
Game in which the above first appears in Ocarina of Time
96%
Goron
79%
The three main transformation masks of Majora's Mask Zora
79%
The above's master Demise/The Imprisoned
76%
Deku
74%
The (fabulous) Demon Lord Ghirahim
64%
Infernal Dinosaur King Dodongo
40%
Parasitic Armored Arachnid Queen Gohma
24%
Good sorceress,and the other half of the above Lana
19%
Evil Sorceress, and the other half of the below Cia
18%
Dragon Knight Volga
18%
Final boss of Question 5's answer Majora's Wrath
13%
No matching quizzes found
Score Distribution
Percent of People with Each Score
Percentile by Number Answered
Your Score History
You have not taken this quiz since the last reset